[Event "European Blitz-ch 2018"]
[Site "Skopje"]
[Date "2018.12.07"]
[Round "12"]
[White "Perunovic, Milos"]
[Black "Beerdsen, Thomas"]
[Result "1-0"]
[WhiteElo "2597"]
[BlackElo "2477"]
[Annotator "TA"]
[PlyCount "125"]
[EventDate "2018.12.06"]
[EventType "swiss"]
[EventCountry "MKD"]

{[%evp 17,125,-13,-7,-19,-20,-42,7,-8,0,-14,-12,-35,-12,-31,-55,-138,0,-75,-69,-80,0,-6,83,75,83,75,101,103,220,99,175,116,111,101,108,97,96,79,125,116,155,133,213,217,237,243,266,268,268,262,1129,434,466,462,495,360,308,213,546,543,538,528,1114,954,832,816,712,669,634,603,587,565,685,706,1174,1179,1081,1017,29958,29959,29992,29978,29983,29979,29978,29977,29977,29978,29985,29971,29982,29982,29983,29979,29979,0,0,0,29977,29978,29978,29979,29986,29987,29987,29988,29988,29989,29991,29988]} 1. e4 e5 2. Nf3 Nc6 3. Bb5 f5 4. d3 fxe4 5. dxe4 Nf6 6. Nc3 Bb4 7. O-O Bxc3 8. bxc3 d6 9. Qd3 O-O {LiveBook: 6 Games. C63: Ruy Lopez: Schliemann/Jaenisch Defence} 10. c4 Nb4 $146 ({Predecessor:} 10... Bd7 11. c5 dxc5 12. Qc4+ Kh8 13. Bxc6 Bxc6 14. Nxe5 Bxe4 15. Qxc5 b6 16. Qc3 Bb7 17. Bb2 {1-0 (38) Teterev,V (2497)-Clarke,T (2128) Rethymno 2003}) 11. Qe2 a6 {Black is slightly better.} 12. Ba4 Bg4 13. h3 Bh5 14. c5 Kh8 15. cxd6 cxd6 16. Rb1 (16. Bb3 $15) 16... Nc6 (16... Nxa2 $17 17. Bd2 (17. Rxb7 $2 Nc3 $19) 17... d5) 17. c3 ({But not} 17. Rxb7 $2 Nd4 $19) (17. Bxc6 $11 bxc6 18. Rd1) 17... b5 18. Bd1 Nd7 (18... d5 $17 19. exd5 Nxd5) 19. Qe3 $11 Nb6 (19... Bxf3 $11 {keeps the balance.} 20. Bxf3 Qc7) 20. Nxe5 $1 $16 dxe5 21. Bxh5 Nc4 22. Qg3 Rc8 (22... Qc7 $16) 23. Be2 (23. Bg5 $18 {has better winning chances.} Qc7 24. Qh4) 23... Ne7 {[#]} (23... Nd2 $16 24. Bxd2 Qxd2) 24. Bxc4 ({White should play} 24. a4 $1 $18 {[%mdl 512]}) 24... Rxc4 25. Qxe5 Ng6 26. Qg3 Rxe4 27. Be3 Re5 28. Rbd1 Qe7 29. Rd4 Rc5 (29... Qe6 $16 30. a4 Ne7) 30. Rfd1 $1 $18 {And now Rd7 would win.} Rxc3 31. Rd7 Qe6 32. h4 {[%cal Bh3h4,Bh4h5,Bh5h6][%mdl 32]} Rg8 33. h5 Ne5 $2 {[#]} (33... Qe5 34. Qh3 (34. hxg6 Qxg3 35. fxg3 Rxe3 $11) 34... Nf8) 34. R7d6 (34. Rxg7 $142 $1 {[%mdl 512]} Re8 (34... Rxg7 35. Rd8+) 35. Rb7) 34... Qe7 {[#]} 35. h6 $1 gxh6 36. Qf4 Qg7 {[%csl Gg8][%cal Rg7g2]} 37. g3 $40 {[%mdl 128] Strongly threatening Rd8. White has strong attack.} Rc4 $2 (37... Rxe3 38. fxe3 Qxg3+ 39. Qxg3 Rxg3+ 40. Kf2 Rf3+ 41. Kg2 Rxe3) 38. Bd4 Rxd4 39. R1xd4 Rf8 40. Rd8 Ng6 41. Rxf8+ Nxf8 {[%mdl 4096] Endgame KQR-KQN} 42. Rd8 Kg8 43. Qd6 h5 44. Qd5+ Kh8 45. Qxh5 Qf6 46. Qd5 Kg7 47. Rd6 Qa1+ 48. Kg2 Ng6 49. Rxa6 Qb2 50. Ra7+ Kh6 51. Qd7 Kg5 52. Qxh7 Qd4 53. Qb7 Qg4 54. Qxb5+ Kh6 55. Ra4 Nh4+ 56. Kh2 Nf3+ 57. Kg2 Nh4+ $1 58. Kg1 {White mates.} Nf3+ {[#]} 59. Kf1 $1 Qh3+ 60. Ke2 Ng1+ 61. Kd2 Nf3+ 62. Ke3 Ng5 63. Rh4+ {Accuracy: White = 54%, Black = 35%.} 1-0

[Event "European Blitz-ch 2018"]
[Site "Skopje"]
[Date "2018.12.07"]
[Round "12"]
[White "Georgiev, Kiril"]
[Black "Ozen, Bahadir"]
[Result "1-0"]
[WhiteElo "2595"]
[BlackElo "2349"]
[PlyCount "107"]
[EventDate "2018.12.06"]
[EventType "swiss"]
[EventCountry "MKD"]
[TimeControl "180+2"]

1. d4 {[%emt 0:00:00]} d5 {[%emt 0:00:00]} 2. Nf3 {[%emt 0:00:04]} Nf6 {[%emt 0:00:02]} 3. c4 {[%emt 0:00:03]} e6 {[%emt 0:00:01]} 4. Nc3 {[%emt 0:00:06]} Be7 {[%emt 0:00:03]} 5. g3 {[%emt 0:00:06]} O-O {[%emt 0:00:03]} 6. Bg2 {[%emt 0:00:01]} dxc4 {[%emt 0:00:01]} 7. Ne5 {[%emt 0:00:02]} c5 {[%emt 0:00:01]} 8. dxc5 {[%emt 0:00:04]} Qc7 {[%emt 0:00:02]} 9. Nxc4 {[%emt 0:00:07]} Qxc5 {[%emt 0:00:01]} 10. Qb3 {[%emt 0:00:03]} Nc6 {[%emt 0:00:02]} 11. Be3 {[%emt 0:00:09]} Nd4 {[%emt 0:00:16]} 12. Bxd4 {[%emt 0:00:07]} Qxd4 {[%emt 0:00:02]} 13. O-O {[%emt 0:00:03]} Rb8 {[%emt 0:00:05]} 14. Rfd1 {[%emt 0:00:09]} Qc5 {[%emt 0:00:10]} 15. Rac1 {[%emt 0:00:27]} Bd7 {[%emt 0:00:18]} 16. Ne4 {[%emt 0:00:14]} Nxe4 {[%emt 0:00:07]} 17. Bxe4 {[%emt 0:00:05]} Bc6 {[%emt 0:00:11]} 18. Bxc6 {[%emt 0:00:08]} bxc6 {[%emt 0:00:19]} 19. Qc2 {[%emt 0:00:04]} Bf6 {[%emt 0:00:23]} 20. b3 {[%emt 0:00:03]} Rfd8 {[%emt 0:00:02]} 21. Nd2 {[%emt 0:00:26]} Qa5 {[%emt 0:00:43]} 22. Ne4 {[%emt 0:00:07]} Be7 {[%emt 0:00:00]} 23. e3 {[%emt 0:00:14]} h6 {[%emt 0:00:02]} 24. Nc3 {[%emt 0:00:13]} c5 {[%emt 0:00:21]} 25. Na4 {[%emt 0:00:08]} Rbc8 {[%emt 0:00:01]} 26. Rxd8+ {[%emt 0:00:09]} Rxd8 {[%emt 0:00:01]} 27. Rd1 {[%emt 0:00:02]} Rd5 {[%emt 0:00:18]} 28. Nc3 {[%emt 0:00:10]} Rxd1+ {[%emt 0:00:02]} 29. Nxd1 {[%emt 0:00:01]} Qe1+ {[%emt 0:00:01]} 30. Kg2 {[%emt 0:00:02]} Bf6 {[%emt 0:00:02]} 31. Qd3 {[%emt 0:00:10]} g6 {[%emt 0:00:01]} 32. h4 {[%emt 0:00:04]} h5 {[%emt 0:00:01]} 33. Qc2 {[%emt 0:00:06]} Kg7 {[%emt 0:00:01]} 34. Nb2 {[%emt 0:00:01]} Qb4 {[%emt 0:00:17]} 35. Nc4 {[%emt 0:00:03]} Qb7+ {[%emt 0:00:01]} 36. Kg1 {[%emt 0:00:02]} Qf3 {[%emt 0:00:01]} 37. Qd3 {[%emt 0:00:02]} Qd5 {[%emt 0:00:01]} 38. Qc2 {[%emt 0:00:03]} Qf3 {[%emt 0:00:01]} 39. Kf1 {[%emt 0:00:03]} a6 {[%emt 0:00:04]} 40. Nd2 {[%emt 0:00:04]} Qh1+ {[%emt 0:00:04]} 41. Ke2 {[%emt 0:00:01]} Qd5 {[%emt 0:00:03]} 42. Ne4 {[%emt 0:00:02]} Be7 {[%emt 0:00:02]} 43. Qc3+ {[%emt 0:00:01]} Kg8 {[%emt 0:00:00]} 44. Qd3 {[%emt 0:00:01]} Qc6 {[%emt 0:00:01]} 45. Nd2 {[%emt 0:00:02]} Bf6 {[%emt 0:00:01]} 46. Nc4 {[%emt 0:00:00]} Kg7 {[%emt 0:00:00]} 47. Nd6 {[%emt 0:00:02]} Qh1 {[%emt 0:00:01]} 48. Ne8+ {[%emt 0:00:02]} Kf8 {[%emt 0:00:03]} 49. Nxf6 {[%emt 0:00:01]} Qa1 {[%emt 0:00:01]} 50. Qd8+ {[%emt 0:00:02]} Kg7 {[%emt 0:00:01]} 51. Ne8+ {[%emt 0:00:01]} Kh6 {[%emt 0:00:02]} 52. Qg5+ {[%emt 0:00:14]} Kh7 {[%emt 0:00:17]} 53. Qf6 {[%emt 0:00:00]} Qxa2+ {[%emt 0:00:02]} 54. Kf3 {[%emt 0:00:00]} 1-0

[Event "European Blitz-ch 2018"]
[Site "Skopje"]
[Date "2018.12.07"]
[Round "12"]
[White "Esipenko, Andrey"]
[Black "Fridman, Daniel"]
[Result "1-0"]
[WhiteElo "2593"]
[BlackElo "2633"]
[Annotator "TA"]
[PlyCount "73"]
[EventDate "2018.12.06"]
[EventType "swiss"]
[EventCountry "MKD"]

{[%evp 17,73,-16,-3,-100,-26,-25,-10,-29,41,40,47,51,55,39,41,37,50,59,55,39,95,48,97,100,209,230,206,137,209,192,210,206,600,581,548,574,788,762,734,650,629,613,793,758,937,795,688,597,1216,1160,2104,1800,2375,2434,2422,1237,29983,29984]} 1. d4 {[%cal Bd2d4,Bd4c5][%mdl 32]} d5 2. Nf3 Nf6 3. Bf4 c5 4. e3 Nc6 5. Nbd2 (5. c3 e6 6. Nbd2 cxd4 7. exd4 Nh5 8. Bg5 f6 9. Be3 Bd6 10. Bb5 O-O 11. O-O Ne7 12. Re1 Bd7 13. Bd3 g6 14. Bh6 Rf7 {½-½ (83) Caruana,F (2822)-Aronian,L (2767) chess.com INT 2018}) 5... Qb6 6. dxc5 {D02: 1 d4 d5 2 Nf3 sidelines, including 2...Nf6 3 g3 and 2...Nf6 3 Bf4} Qxb2 7. Rb1 Qc3 8. Bb5 e6 9. Ne5 Bd7 {LiveBook: 4 Games} 10. Nd3 (10. Nxd7 $11 Nxd7 11. O-O) 10... Be7 (10... Ne4 $17 11. f3 Nxc5) 11. O-O O-O 12. Nb3 $146 ({Predecessor:} 12. Bc7 Ne8 {½-½ (38) Naiditsch,A (2702)-Buhmann,R (2633) Dresden 2017}) 12... a6 ({Better is} 12... b6 $11) 13. Bxc6 $1 $14 Bxc6 14. Be5 Qc4 15. Na5 Qa4 $1 {[%cal Ra4a5]} 16. Nxb7 Nd7 17. Bd6 Bxd6 18. Nxd6 ({Much worse is} 18. cxd6 Bb5 $15) 18... Rab8 (18... Bb5 $14) 19. Rb3 Qa5 20. Qe1 Qxa2 {[#]} (20... Qxe1 $16 21. Rxe1 Rfd8) 21. Qc3 $1 $18 Qa4 22. Rfb1 {Hoping for Ne5.} Qh4 (22... Rxb3 $16 23. cxb3 Qg4) 23. Rxb8 $40 {[%mdl 128] White is out for blood.} Nxb8 24. Ne5 Ba4 $2 (24... Qd8 25. Rb6 Qc7) 25. Rb4 Qh5 {( -> ...Qd1+)} 26. g4 Qh3 27. Rxa4 f6 28. Nd3 Nc6 29. Qd2 d4 30. Qe2 e5 31. e4 Rb8 32. Ra1 a5 33. f3 a4 34. Nf5 a3 35. Nf2 {[%mdl 64] [#] Trapped Piece} d3 36. cxd3 Nd4 37. Qa2+ {[%mdl 64] Double Attack. Accuracy: White = 75%, Black = 15%.} 1-0

[Event "European Blitz-ch 2018"]
[Site "Skopje"]
[Date "2018.12.07"]
[Round "12"]
[White "Moroni, Luca Jr"]
[Black "Saric, Ante"]
[Result "1-0"]
[WhiteElo "2564"]
[BlackElo "2533"]
[Annotator "TA"]
[PlyCount "45"]
[EventDate "2018.12.06"]
[EventType "swiss"]
[EventCountry "MKD"]

{[%evp 16,45,0,0,0,35,16,0,0,0,0,-66,-56,-317,147,158,158,152,667,649,616,625,1095,1095,1093,1077,1123,1082,1388,1356,1659,1653]} 1. d4 Nf6 2. Bf4 d5 3. e3 c5 4. dxc5 (4. Nd2 Nc6 5. Ngf3 e6 6. c3 Be7 7. Ne5 O-O 8. Bd3 Bd6 9. Ndf3 Qc7 10. h4 Ne4 11. Qc2 f6 12. Nxc6 Bxf4 13. exf4 Qxc6 14. dxc5 f5 15. b4 Qc7 16. Ne5 {0-1 (34) Wei,Y (2729)-So,W (2780) chess.com INT 2018}) 4... e6 5. b4 a5 6. c3 {D00: 1 d4 d5: Unusual lines} Nc6 7. Bb5 Bd7 8. Qb3 Ne4 9. f3 {LiveBook: 5 Games} e5 $1 {[%cal Re5f4]} 10. fxe4 exf4 11. exd5 {Threatens to win with Nf3.} Qh4+ 12. Kd1 $146 {Strongly threatening Nf3.} Qf2 $1 {[%cal Rf2g2]} 13. dxc6 (13. Nf3 $11 Qxg2 14. Rf1) 13... bxc6 $15 14. Be2 $2 {[%mdl 8192]} (14. Qc2 $1 $15 Bg4+ 15. Kc1 (15. Be2 $2 Qf1+ 16. Kd2 Rd8+ 17. Qd3 Rxd3+ 18. Kxd3 Bxe2+ 19. Nxe2 Qxh1 $19) 15... Qxe3+ 16. Qd2 cxb5 17. Nf3 $1 {[%mdl 512]} Qxd2+ 18. Nbxd2) 14... O-O-O $2 ({Better is} 14... Qxg2 $19 15. Bf3 Bg4) 15. Nd2 $16 Be6 16. Qa4 {[%mdl 64] Double Attack} (16. Ba6+ Kc7 $19) 16... Rxd2+ $2 (16... Qxg2 $16 17. e4 (17. Qxa5 Qxh1 18. Kc2 Bf5+ 19. e4 Bxe4+ 20. Nxe4 Qxe4+ 21. Kb3 Rd2 $11) 17... Kd7) 17. Kxd2 $18 {White is clearly winning.} Qxe3+ 18. Kd1 {[%cal Bd2d1,Bd1e1,Be1f1][%mdl 32]} Bxc5 {( -> ...Rd8+)} 19. Qxc6+ {[%mdl 64] Double Attack} ({Weaker is} 19. bxc5 Rd8+ 20. Ke1 Qxc3+ 21. Kf1 (21. Kf2 Qxc5+ 22. Kf1 Rd4 $11) 21... Qxa1+ 22. Kf2 Qd4+ 23. Qxd4 Rxd4 $16) 19... Kb8 20. Qxc5 Rd8+ {[#]} 21. Ke1 $1 Qd2+ 22. Kf1 a4 23. Rd1 1-0

[Event "European Blitz-ch 2018"]
[Site "Skopje"]
[Date "2018.12.07"]
[Round "12"]
[White "Brkic, Ante"]
[Black "Van Foreest, Jorden"]
[Result "0-1"]
[WhiteElo "2563"]
[BlackElo "2614"]
[PlyCount "42"]
[EventDate "2018.12.06"]
[EventType "swiss"]
[EventCountry "MKD"]
[TimeControl "180+2"]

1. e4 {[%emt 0:00:00]} c5 {[%emt 0:00:00]} 2. Nf3 {[%emt 0:00:00]} d6 {[%emt 0:00:00]} 3. d4 {[%emt 0:00:01]} cxd4 {[%emt 0:00:01]} 4. Nxd4 {[%emt 0:00:01]} Nf6 {[%emt 0:00:02]} 5. Nc3 {[%emt 0:00:01]} a6 {[%emt 0:00:01]} 6. a3 {[%emt 0:00:00]} Nc6 {[%emt 0:00:02]} 7. Be2 {[%emt 0:00:07]} g6 {[%emt 0:00:04]} 8. Be3 {[%emt 0:00:03]} Bg7 {[%emt 0:00:01]} 9. Qd2 {[%emt 0:00:02]} O-O {[%emt 0:00:04]} 10. O-O-O {[%emt 0:00:02]} Ng4 {[%emt 0:00:19]} 11. Bxg4 {[%emt 0:00:01]} Bxg4 {[%emt 0:00:01]} 12. f3 {[%emt 0:00:01]} Bd7 {[%emt 0:00:01]} 13. h4 {[%emt 0:00:05]} Ne5 {[%emt 0:00:02]} 14. h5 {[%emt 0:00:26]} Nc4 {[%emt 0:00:05]} 15. Qd3 {[%emt 0:00:33]} Rc8 {[%emt 0:00:26]} 16. hxg6 {[%emt 0:00:02]} hxg6 {[%emt 0:00:03]} 17. Bh6 {[%emt 0:00:15]} Qb6 {[%emt 0:00:02]} 18. b3 {[%emt 0:00:32]} Qa5 {[%emt 0:00:08]} 19. Nb1 {[%emt 0:00:13]} Bxh6+ {[%emt 0:00:06]} 20. Rxh6 {[%emt 0:00:01]} Qg5+ {[%emt 0:00:01]} 21. Nd2 {[%emt 0:00:11]} Ne5 {[%emt 0:00:11]} 0-1

[Event "European Blitz-ch 2018"]
[Site "Skopje"]
[Date "2018.12.07"]
[Round "12"]
[White "Jankovic, Alojzije"]
[Black "Stoyanov, Tsvetan"]
[Result "1-0"]
[WhiteElo "2557"]
[BlackElo "2310"]
[Annotator "TA"]
[PlyCount "105"]
[EventDate "2018.12.06"]
[EventType "swiss"]
[EventCountry "MKD"]

{[%evp 22,105,52,63,60,47,84,73,77,57,73,23,26,20,31,-183,-176,-183,-189,-179,-137,-203,-202,-206,-206,-201,-184,-220,-91,-268,-263,-293,-282,-283,-263,-247,-214,-325,-310,-310,-299,-346,-231,-375,-372,-408,-355,-335,-97,-93,107,0,0,0,0,0,517,510,731,751,751,731,717,735,856,852,839,842,1565,1473,5009,1599,1552,1231,1981,1952,29996,29979,29991,29992,29994,29984,29984,29985,29988,29989]} 1. d4 Nf6 2. Nf3 e6 3. c4 Bb4+ 4. Bd2 Qe7 5. g3 b6 6. Bg2 Bb7 7. O-O Bxd2 8. Qxd2 d6 9. Qc2 O-O 10. Nc3 e5 11. e4 Nbd7 12. Rfe1 {LiveBook: 9 Games. E16: Queen's Indian: 4 g3 Bb7 5 Bg2 Bb4+} (12. Nd5 Qd8 13. Rad1 c6 14. dxe5 Nxe5 15. Ne3 Qc7 16. Nd4 Rad8 17. h3 Rfe8 18. Ndf5 c5 19. f4 Nc6 {½-½ (56) Michalik,P (2578)-Bokros,A (2482) Slovakia 2016}) 12... c6 13. Rad1 Rfd8 14. Nh4 {White is better.} g6 $146 ({Predecessor:} 14... Qf8 15. Bh3 exd4 16. Rxd4 Ne5 17. Qe2 Re8 18. Nf5 d5 19. cxd5 cxd5 {1-0 (47) Botvinnik,M-Panchenko,N Leningrad (Russia) 1927}) 15. Qc1 Nh5 16. Bf3 Ng7 17. Bg4 Nf6 18. Qg5 $2 {[#]} (18. Bh3 $14 {keeps the upper hand.}) 18... h6 $1 $36 {[%cal Rh6g5][%mdl 2560] Keeping White busy.} 19. Nxg6 (19. Qxh6 Nxg4) 19... fxg6 ({Don't take} 19... hxg5 20. Nxe7+ Kf8 21. Bc8 $15) 20. Qxg6 Qf7 21. Bf5 (21. Qxf7+ $17 {was called for.} Kxf7 22. Bh3) 21... Qxg6 22. Bxg6 Ne6 23. Ne2 Ng5 {Threatens to win with ...Kg7.} 24. Kg2 {[#]} Ngxe4 ({Don't do} 24... Nfxe4 25. h4 $17) (24... c5 $1 $19 25. h4 Bxe4+ 26. Bxe4 Ngxe4) 25. Ng1 $2 (25. h4 $17) 25... exd4 26. f3 Nc5 27. Rxd4 Kg7 28. Bf5 Re8 29. Red1 (29. Rxe8 {was worth a try.} Nxe8 30. Ne2) 29... d5 30. Kf2 Ne6 31. R4d2 Kf7 32. Nh3 (32. cxd5 $142 Nxd5 33. Ne2) 32... dxc4 33. Rd6 Ng7 34. Bc2 Nd5 $2 (34... Re5 $19 {And now ...Ke7 would win.} 35. Nf4 Rb8 36. Bg6+ Ke7) 35. Rxh6 $17 Rad8 $2 (35... Ne6 $17 {stays on course. ...Rh8 is the strong threat.} 36. Rh7+ Ng7) 36. Ng5+ ({Only move:} 36. Bg6+ $16 Kg8 37. Bxe8 Nxe8 38. g4) 36... Ke7 $1 $11 37. Rh7 Kf8 38. Bg6 Re5 $2 {[%mdl 8192]} (38... Nb4 $1 $11 {and Black is okay.} 39. Rh8+ Ke7 40. Re1+ Kf6 {[%mdl 64] Double Attack} 41. Bxe8 Nd3+ {[%mdl 64] Double Attack} 42. Kf1 Nxe1 43. Rf8+ Ke7 {[%mdl 64] Double Attack} 44. Rf7+ {[%mdl 64] Double Attack} Kxe8 45. Rxb7 Nc2 46. Rxg7 Rd2) 39. Nf7 $18 Rde8 {White must now prevent ...Re2+.} 40. Rh8+ Ke7 41. Rxe8+ Nxe8 42. Nxe5 Nd6 43. h4 {[%cal Bh2h4,Bh4h5,Bh5h6][%mdl 32]} Kf6 44. f4 Nb5 45. h5 c3 46. bxc3 (46. h6 $142 Nd6 47. Rh1) 46... Nbxc3 47. Rd2 Ne7 48. Bc2 c5 49. h6 {[%cal Rd2d6] White mates.} Ne4+ 50. Bxe4 Bxe4 51. g4 {[%cal Rd2d6]} Ng8 52. Ke3 Bh7 53. Rd7 {Accuracy: White = 52%, Black = 36%.} 1-0

[Event "European Blitz-ch 2018"]
[Site "Skopje"]
[Date "2018.12.07"]
[Round "12"]
[White "Sebenik, Matej"]
[Black "Nikcevic, Nebojsa"]
[Result "1-0"]
[WhiteElo "2536"]
[BlackElo "2434"]
[Annotator "TA"]
[PlyCount "72"]
[EventDate "2018.12.06"]
[EventType "swiss"]
[EventCountry "MKD"]

{[%evp 24,72,54,50,59,34,35,31,43,25,34,39,21,21,43,27,97,77,83,85,86,75,136,79,163,150,162,150,320,341,337,187,198,189,299,141,371,278,262,65,302,298,306,288,283,277,443,357,347,316,315]} 1. Nf3 c5 2. e4 e6 3. d4 cxd4 4. Nxd4 a6 5. c4 Qc7 6. Nc3 Nf6 7. Be2 Bb4 8. Nc2 Be7 {B41: Sicilian: Kan Variation: 5 c4} 9. O-O d6 10. f4 Nbd7 11. Qd3 b6 12. b4 Bb7 13. Bb2 {LiveBook: 4 Games} O-O {[#]} 14. Kh1 $146 ({Predecessor:} 14. a3 Rac8 15. Rac1 Qb8 16. Qg3 {½-½ (33) Miton,K (2596)-Smirin,I (2625) Czech Republic 2017}) 14... Rac8 15. Rac1 Rfe8 16. a3 Qb8 17. Ne3 Bf8 18. Bf3 Qa8 19. g4 {[%cal Bg2g4,Bg4g5][%mdl 32] [#] Threatens to win with g5.} Red8 (19... g5 $11) 20. g5 $16 Ne8 21. h4 $36 {[%mdl 2048] White is in control.} g6 22. h5 Bg7 23. Rf2 (23. h6 $142 Bh8 24. Rcd1) 23... Nc7 (23... b5 $16) 24. hxg6 hxg6 25. Ncd1 e5 $2 (25... Ne8 $16 {is a better defense.}) 26. f5 $18 (26. Qxd6 Bxe4 27. Bxe4 Qxe4+ 28. Ng2 Nc5 $19) 26... b5 27. f6 (27. cxb5 $142 {Black must now prevent fxg6.} Nf8 28. b6) 27... bxc4 28. Nxc4 (28. Rxc4 Bf8 $11) 28... d5 (28... Bf8 $142) 29. Nd6 (29. fxg7 dxc4 30. Qe3 (30. Rxc4 $2 Nb6 $19 {[%mdl 64] Discovered Attack (Double check)}) (30. Qxc4 Ne6 $17) 30... Kxg7 $14) (29. Nxe5 dxe4 30. Qb1 exf3 $17) (29. exd5 $18 {and the rest is easy.} e4 30. Bxe4 Bxd5 31. Bxd5 Nxd5 32. Kg1 (32. fxg7 Ne5 $18) 32... N7xf6 33. gxf6 Nxf6 34. Qb3) 29... Nxf6 $2 (29... dxe4 $16 30. Bxe4 Bxe4+ 31. Qxe4 Qxe4+ 32. Nxe4 Bf8) 30. gxf6 dxe4 {[#]} 31. Bxe4 $2 (31. fxg7 exd3 32. Bxb7 Qb8 $14) (31. Qe3 $1 $18 Nd5 32. Rxc8 (32. Qxe4 Rxd6 33. fxg7 Nf4 $15) 32... Qxc8 33. Nxc8 (33. Qxe4 $2 Rxd6 34. Kh2 Bxf6 $19) 33... Nxe3 34. Ne7+ Kf8 35. fxg7+ Kxe7 36. Nxe3 exf3 37. Bxe5) 31... Bxe4+ $2 (31... Rxd6 $1 $14 32. Qxd6 {[%mdl 64] Double Attack} Bxe4+ 33. Kg1 Nb5 34. Qxe5 Rxc1 35. Bxc1 Bf8) 32. Qxe4 Rxd6 33. Qxa8 Rxa8 34. fxg7 ({Weaker is} 34. Rxc7 Rxd1+ 35. Kg2 Bf8 $11) 34... Ne6 (34... Ne8 {was called for.} 35. Bxe5 Re6) 35. Bxe5 Rd5 36. Rh2 {[%csl Ge5,Gg7][%cal Rh2h8]} Nxg7 {Accuracy: White = 45%, Black = 36%.} 1-0

[Event "European Blitz-ch 2018"]
[Site "Skopje"]
[Date "2018.12.07"]
[Round "12"]
[White "Lobanov, Sergei"]
[Black "Navara, David"]
[Result "0-1"]
[WhiteElo "2526"]
[BlackElo "2736"]
[Annotator "TA"]
[PlyCount "78"]
[EventDate "2018.12.06"]
[EventType "swiss"]
[EventCountry "MKD"]

{[%evp 19,78,7,0,-63,-45,-88,-60,-87,1,-114,-54,-64,-96,-91,-107,-90,-81,-240,-270,-262,-235,-219,-106,-127,-106,-140,-114,-386,-379,-420,-414,-406,-414,-391,-87,-86,-81,-75,-35,-41,0,-191,-177,-204,-184,-468,-457,-916,-528,-542,-535,-535,-545,-538,-537,-494,-472,-446,-464,-458,-448]} 1. e4 c5 2. Nf3 e6 3. d4 cxd4 4. Nxd4 Nc6 5. Nc3 Qc7 6. Be3 a6 7. Qd2 Nf6 8. O-O-O Be7 {B48: Sicilian: Taimanov: 5 Nc3 Qc7 6 Be3 a6 without Be2} 9. f4 b5 10. e5 b4 {LiveBook: 34 Games. The position is equal.} 11. Nce2 $146 ({White should play} 11. exf6 $11 bxc3 12. Qxc3 Bxf6 13. g4) ({Predecessor:} 11. exf6 bxc3 12. Qxc3 Bxf6 13. g4 h6 14. h4 Bb7 15. Rh2 Rc8 16. Qd2 Nxd4 17. Bxd4 Bxd4 18. Qxd4 {½-½ (49) Jakovenko,D (2703)-Inarkiev,E (2707) Geneva 2017}) 11... Nd5 12. Bf2 Na5 {[%cal Bc6a5,Ba5c4,Bc4b2][%mdl 32]} 13. Ng3 Rb8 (13... d6 $17) 14. Bd3 (14. Nb3 $11) 14... Nc3 ({Black should try} 14... Nc4 $17 15. Bxc4 Qxc4) 15. Rde1 Nxa2+ 16. Kd1 b3 17. c3 Nc4 18. Qe2 $2 {[#]} (18. Bxc4 $17 {was the only defense.} Qxc4 19. Qe2 Qxe2+ 20. Kxe2) 18... Nxb2+ $1 $19 {[%mdl 512]} 19. Qxb2 Nxc3+ 20. Kd2 {Black must now prevent Rc1.} Bb4 (20... Na4 $19 21. Qc1 Qa5+ 22. Ke3 b2) 21. Rc1 $17 {[%cal Rc1c3]} Nd5+ {[%mdl 1024] Black has strong compensation.} 22. Kd1 Bc3 23. Qa3 $2 {[%mdl 8192]} (23. Rxc3 $17 Nxc3+ 24. Kd2) 23... b2 $19 24. Rb1 {[#]} Bb4 $1 25. Qb3 Nc3+ 26. Kc2 Ba5 $2 (26... Nxb1+ $2 27. Kxb1 Be1 28. Rxe1 $19) (26... Ne4+ $19 {has better winning chances.} 27. Qc4 Qxc4+ 28. Bxc4 Nxf2) 27. Qc4 $17 {Threatens to win with Qxc7.} Nxb1 28. Rxb1 Qb7 29. Ne4 O-O {Hoping for ...f5.} 30. Be3 $2 (30. Nb3 $11 Bb6 31. Bxb6 Qxb6 32. Nbc5 (32. Kxb2 Bb7 $17)) 30... d5 31. exd6 {aiming for Nc6.} Bd7 $36 {[%mdl 2048] Black is really pushing.} 32. Nc5 $2 (32. Nb3 Bb6 33. Bxb6 Qxb6 34. Nbc5) 32... Qxg2+ $19 {[%mdl 64] Double Attack. Black is clearly winning.} 33. Be2 (33. Ne2 $142 Bb5 34. Qe4 Qxe4 {[%mdl 64] Overworked Piece} 35. Bxe4 Bxe2 36. d7) 33... Rfc8 {( -> ...Rxc5!)} 34. Rxb2 Rxb2+ 35. Kxb2 Bb6 36. Ndb3 Bb5 37. d7 Rd8 38. Qc2 Qxe2 39. Qxe2 Bxe2 {Accuracy: White = 19%, Black = 43%.} 0-1

[Event "European Blitz-ch 2018"]
[Site "Skopje"]
[Date "2018.12.07"]
[Round "12"]
[White "Santos Ruiz, Miguel"]
[Black "Demidov, Mikhail"]
[Result "1-0"]
[WhiteElo "2523"]
[BlackElo "2520"]
[PlyCount "63"]
[EventDate "2018.12.06"]
[EventType "swiss"]
[EventCountry "MKD"]
[TimeControl "180+2"]

1. d4 {[%emt 0:00:00]} Nf6 {[%emt 0:00:00]} 2. Nf3 {[%emt 0:00:00]} d5 {[%emt 0:00:00]} 3. Bf4 {[%emt 0:00:01]} c5 {[%emt 0:00:04]} 4. dxc5 {[%emt 0:00:01]} e6 {[%emt 0:00:06]} 5. e3 {[%emt 0:00:00]} Bxc5 {[%emt 0:00:02]} 6. Be2 {[%emt 0:00:01]} O-O {[%emt 0:00:04]} 7. O-O {[%emt 0:00:02]} Nc6 {[%emt 0:02:58]} 8. c4 d4 {[%emt 0:00:00]} 9. exd4 {[%emt 0:00:02]} Nxd4 {[%emt 0:00:00]} 10. Nc3 {[%emt 0:00:00]} Nxe2+ {[%emt 0:00:00]} 11. Qxe2 {[%emt 0:00:01]} b6 {[%emt 0:00:00]} 12. Rad1 {[%emt 0:00:17]} Qe7 {[%emt 0:00:00]} 13. a3 {[%emt 0:00:06]} a5 {[%emt 0:00:00]} 14. Na4 {[%emt 0:00:01]} Ba6 {[%emt 0:00:00]} 15. Nxc5 {[%emt 0:00:36]} Qxc5 {[%emt 0:00:00]} 16. Ne5 {[%emt 0:00:18]} Rfc8 {[%emt 0:00:00]} 17. Qe3 {[%emt 0:00:08]} Bxc4 {[%emt 0:00:00]} 18. Nxc4 {[%emt 0:00:31]} Qxc4 {[%emt 0:00:00]} 19. Rc1 {[%emt 0:00:14]} Qb5 {[%emt 0:00:00]} 20. Qd2 {[%emt 0:00:17]} Nd5 {[%emt 0:00:00]} 21. Be5 {[%emt 0:00:05]} f6 {[%emt 0:00:00]} 22. Bg3 {[%emt 0:00:01]} e5 {[%emt 0:00:00]} 23. Rfd1 {[%emt 0:00:10]} Ne7 {[%emt 0:00:00]} 24. f3 {[%emt 0:00:12]} Qb3 {[%emt 0:00:00]} 25. Bf2 {[%emt 0:00:04]} b5 {[%emt 0:00:00]} 26. h3 {[%emt 0:00:07]} a4 {[%emt 0:00:10]} 27. Qd7 {[%emt 0:00:15]} Rxc1 {[%emt 0:00:13]} 28. Rxc1 {[%emt 0:00:01]} Qf7 {[%emt 0:00:14]} 29. Rc7 {[%emt 0:00:06]} Re8 {[%emt 0:00:02]} 30. Bc5 {[%emt 0:00:01]} Kf8 {[%emt 0:00:02]} 31. Qxb5 {[%emt 0:00:02]} Qd5 {[%emt 0:00:01]} 32. Bxe7+ {[%emt 0:00:01]} 1-0